Statistics for Afghanistan Fact-File

Click here to take the quiz!

General Stats

  • This quiz has been taken 8 times
  • The average score is 12 of 19

Answer Stats

HintAnswer% Correct
ContinentAsia
100%
Bordering CountryIran
100%
Bordering CountryPakistan
100%
Bordering CountryChina
86%
Capital CityKabul
86%
Largest City (By Population)Kabul
86%
Official LanguagePashto
86%
Driving SideRight
86%
Bordering CountryTurkmenistan
86%
Bordering CountryUzbekistan
86%
CurrencyAfghani
71%
Most popular sportCricket
71%
Bordering CountryTajikistan
71%
Official LanguageDari
57%
National AnimalSnow Leopard
29%
Calling Code+93
0%
Tallest BuildingKabul Tower
0%
Highest PointMt Noshaq
0%
National Anthem (English Name)This Is the Home of the Brave
0%

Score Distribution

Percentile by Number Answered

Percent of People with Each Score

Your Score History

You have not taken this quiz